Squadra della stagione della UEFA Europa League - 2015-2016 - Statistics

Statistiche generali
  • Questo quiz è stato fatto 2 volte
  • Il punteggio medio è 9 su 18
Statistiche sulle risposte
Ruolo Nazione Squadra Calciatore % Corretto
Attaccante Spagna Athletic Bilbao Aritz Aduriz
100%
Centrocampista Argentina Siviglia Éver Banega
100%
Difensore Germania Borussia Dortmund Mats Hummels
100%
Attaccante Gabon Borussia Dortmund Pierre-Emerick Aubameyang
100%
Attaccante Repubblica Democratica del Congo Villarreal Cédric Bakambu
50%
Difensore Croazia Shakhtar Donetsk Darijo Srna
50%
Portiere Spagna Manchester Utd David de Gea
50%
Centrocampista Germania Liverpool Emre Can
50%
Centrocampista Polonia Siviglia Grzegorz Krychowiak
50%
Attaccante Francia Siviglia Kevin Gameiro
50%
Centrocampista Brasile Shakhtar Donetsk Marlos
50%
Centrocampista Brasile Liverpool Philippe Coutinho
50%
Centrocampista Francia Siviglia Steven N'Zonzi
50%
Difensore Belgio Tottenham Toby Alderweireld
50%
Difensore Francia Siviglia Adil Rami
0%
Portiere Spagna Siviglia David Soria
0%
Centrocampista Germania Borussia Dortmund Gonzalo Castro
0%
Difensore Brasile Siviglia Mariano
0%
Nessun quiz corrispondente trovato
Distribuzione punteggi
Percentuale di utenti per punteggio
Percentile per numero di risposta
I tuoi punteggi nel tempo
Non hai fatto questo quiz